000
00327 a2200145 4500
001
154247
040
_c
Escola São Tomás de Aquino
100
_a
GALILEI,Galileo
240
1
0
_a
O ensaiador
_l
por
245
1
0
_a
O ensaiador
362
0
_a
1991
440
1
_a
Nova cultural
697
_a
FILOSOFIA E PSICOLOGIA
942
_c
BK
999
_c
154247
_d
154247